000 00309nam a22001457a 4500
008 210526b ||||| |||| 00| 0 eng d
020 _a9781603598446
041 _aeng
080 _a61
082 _a61
100 _a4
101 _aSHM
245 _aProfessional Edition cpt 2014
_cAMA
942 _2udc
_cBK
999 _c57653
_d57653